[Event "Senioren Europa Meister"]
[Site "Saint-Vincent"]
[Date "2001.09.15"]
[Round "1"]
[White "Conrady, A."]
[Black "Murey, J."]
[Result "0-1"]
[WhiteElo "2480"]
[BlackElo "1915"]
[PlyCount "40"]

1. e4 c5 2. Nf3 Nf6 3. e5 Nd5 4. d4 cxd4 5. Qxd4 e6 6. Bd2 Nc6 7. Qe4 f5 8.
exf6 Nxf6 9. Qe2 d5 10. Nc3 Bd6 11. O-O-O O-O 12. h4 a6 13. Ng5 e5 14. g3 Nd4
15. Qe1 Bf5 16. Bd3 Bxd3 17. cxd3 Qd7 18. Kb1 Qf5 19. Qf1 h6 20. Qg2 Qxd3+ 0-1

[Event "Senioren Europa Meister"]
[Site "Saint-Vincent"]
[Date "2001.09.15"]
[Round "1"]
[White "Klovanis, J."]
[Black "Schwertel, J."]
[Result "1-0"]
[WhiteElo "2446"]
[BlackElo "1869"]
[PlyCount "61"]

1. e4 d5 2. exd5 Qxd5 3. Nc3 Qa5 4. d4 c6 5. Nf3 Nf6 6. Bc4 Bf5 7. Bd2 e6 8.
Nd5 Qd8 9. Nxf6+ Qxf6 10. Bc3 Qd8 11. Qe2 Be7 12. O-O-O O-O 13. Ne5 Bf6 14. g4
Bg6 15. h4 Bxh4 16. f4 Re8 17. g5 Bxg5 18. fxg5 Qxg5+ 19. Kb1 Qe7 20. Nxg6 fxg6
21. Rde1 h6 22. Qg4 Kh7 23. Rxe6 Qf7 24. Rf1 Qxf1+ 25. Bxf1 Rxe6 26. Qxe6 Na6
27. Bd3 Nc7 28. Qxg6+ Kg8 29. d5 Ne8 30. dxc6 bxc6 31. Bc4+ 1-0

[Event "Senioren Europa Meister"]
[Site "Saint-Vincent"]
[Date "2001.09.15"]
[Round "1"]
[White "Arkhangelsky, B."]
[Black "Mueller, A."]
[Result "1/2-1/2"]
[WhiteElo "2416"]
[BlackElo "1837"]
[PlyCount "74"]

1. Nf3 Nf6 2. c4 c5 3. Nc3 Nc6 4. e4 d6 5. d4 cxd4 6. Nxd4 g6 7. Be2 Bg7 8. Be3
O-O 9. O-O a6 10. Qd2 Bd7 11. Rac1 Rc8 12. b3 Nxd4 13. Bxd4 Bc6 14. Rfd1 Qc7
15. Qe3 e6 16. e5 dxe5 17. Bxe5 Qa5 18. f4 b5 19. cxb5 axb5 20. b4 Qa8 21. Qf2
Nd5 22. Bxg7 Kxg7 23. Nxb5 Kg8 24. Na7 Rc7 25. Nxc6 Rxc6 26. Rxc6 Qxc6 27. Bf3
Qa4 28. Qd4 Rb8 29. Bxd5 exd5 30. Qxd5 Rxb4 31. f5 Qa7+ 32. Kh1 Qf2 33. Qe5 Qb6
34. f6 Qb8 35. h3 h5 36. Qe1 Rb2 37. a4 Qa8 1/2-1/2

[Event "Senioren Europa Meister"]
[Site "Saint-Vincent"]
[Date "2001.09.15"]
[Round "1"]
[White "Frantzke, H."]
[Black "Csom, I."]
[Result "0-1"]
[WhiteElo "1831"]
[BlackElo "2415"]
[PlyCount "78"]

1. Nf3 c5 2. g3 b5 3. Bg2 Bb7 4. d3 e6 5. O-O d6 6. e4 Be7 7. Nbd2 Nf6 8. Re1
Nbd7 9. c3 O-O 10. Nf1 Qc7 11. Qe2 c4 12. dxc4 bxc4 13. e5 dxe5 14. Nxe5 Bxg2
15. Nxd7 Nxd7 16. Kxg2 Rfc8 17. h4 Rab8 18. f4 Rb5 19. Ne3 Nb6 20. a4 Ra5 21.
Qc2 Qc6+ 22. Kh2 Rxa4 23. Rxa4 Nxa4 24. f5 e5 25. Ng4 f6 26. h5 Nc5 27. h6 Nd3
28. Rf1 Qe4 29. Ne3 Bc5 30. Ng2 Bb6 31. Nh4 Rd8 32. hxg7 Kxg7 33. Qd2 Nxc1 34.
Qxc1 Qe2+ 35. Kh3 Rd2 36. Qe1 Qh2+ 37. Kg4 Bf2 38. Rxf2 Qxf2 39. Qe4 Qe2+ 0-1

[Event "Senioren Europa Meister"]
[Site "Saint-Vincent"]
[Date "2001.09.15"]
[Round "1"]
[White "Vaisman, V."]
[Black "Kraaykamp, W."]
[Result "1/2-1/2"]
[WhiteElo "2398"]
[BlackElo "1801"]
[PlyCount "106"]

1. Nf3 d5 2. c4 c6 3. d4 Nf6 4. Qb3 Nbd7 5. cxd5 cxd5 6. Nc3 e6 7. Bf4 Nh5 8.
Bg5 Be7 9. Bxe7 Qxe7 10. e3 O-O 11. Be2 Nhf6 12. O-O b6 13. Rfc1 Bb7 14. Rc2
Rfc8 15. Rac1 Ne8 16. a4 Nd6 17. Qa3 Kf8 18. b3 Ne4 19. Qxe7+ Kxe7 20. Nxe4
dxe4 21. Nd2 f5 22. f3 Nf6 23. Kf2 Rxc2 24. Rxc2 Rc8 25. Rxc8 Bxc8 26. h4 Bb7
27. Bd1 exf3 28. gxf3 Kd6 29. Nc4+ Ke7 30. a5 Nd7 31. axb6 Nxb6 32. Nxb6 axb6
33. Bc2 Kf6 34. e4 g6 35. e5+ Ke7 36. Ke3 Bd5 37. b4 Kd7 38. Ba4+ Bc6 39. Bb3
Ke7 40. Bd1 Bb5 41. Kf4 h6 42. Bb3 Bc6 43. Bc4 Kd7 44. Bb3 Ke7 45. Bd1 Kd7 46.
Ke3 g5 47. hxg5 hxg5 48. Kd3 Bd5 49. Ke3 Bc4 50. Ba4+ b5 51. Bd1 Kc6 52. Kd2
Bd5 53. Be2 Kb6 1/2-1/2

[Event "Senioren Europa Meister"]
[Site "Saint-Vincent"]
[Date "2001.09.15"]
[Round "1"]
[White "Kohlschmidt, C."]
[Black "Tatai, S."]
[Result "0-1"]
[WhiteElo "1790"]
[BlackElo "2350"]
[PlyCount "76"]

1. e4 c5 2. Nf3 d6 3. d4 cxd4 4. Nxd4 Nf6 5. Nc3 a6 6. Bc4 e6 7. Be3 b5 8. Bd3
Bb7 9. f3 Nbd7 10. O-O Be7 11. a3 Rc8 12. Qe1 O-O 13. Rd1 Ne5 14. Kh1 Nc4 15.
Bc1 Qb6 16. Qf2 Rfe8 17. Nce2 g6 18. b3 Ne5 19. Be3 Qa5 20. Bc1 Nxd3 21. cxd3
e5 22. Nf5 gxf5 23. Bh6 Kh8 24. Ng3 Bf8 25. Nxf5 Re6 26. Qh4 Ng8 27. Be3 Rg6
28. f4 Qxa3 29. fxe5 dxe5 30. Rf3 Qxb3 31. Rff1 Rc2 32. g4 f6 33. h3 a5 34. Qg3
Bc8 35. Nh4 Rg7 36. d4 exd4 37. Rxd4 Bc5 38. Nf5 Bxf5 0-1

[Event "Senioren Europa Meister"]
[Site "Saint-Vincent"]
[Date "2001.09.15"]
[Round "1"]
[White "Kraidman, Y."]
[Black "Cleal, J."]
[Result "1-0"]
[WhiteElo "2322"]
[BlackElo "1753"]
[PlyCount "55"]

1. d4 Nf6 2. c4 c5 3. d5 b5 4. cxb5 a6 5. bxa6 e6 6. Nc3 Nxa6 7. Nf3 Bb7 8.
dxe6 fxe6 9. e3 Be7 10. Be2 O-O 11. O-O Nc7 12. b3 d5 13. Bb2 Qd6 14. a4 Nd7
15. Nb5 Nxb5 16. Bxb5 Ba6 17. Bxa6 Rxa6 18. Rb1 e5 19. e4 d4 20. Qd3 Qg6 21.
Nd2 Raf6 22. Qh3 Qe8 23. g3 Rh6 24. Qg2 Nf6 25. Nc4 Qb8 26. Bc1 Rg6 27. f4 exf4
28. Bxf4 1-0

[Event "Senioren Europa Meister"]
[Site "Saint-Vincent"]
[Date "2001.09.15"]
[Round "1"]
[White "Brunelli, G."]
[Black "Cibulka, V."]
[Result "0-1"]
[WhiteElo "1747"]
[BlackElo "2321"]
[PlyCount "110"]

1. e4 Nf6 2. e5 Nd5 3. d4 d6 4. c4 Nb6 5. Nf3 g6 6. Be3 Bg7 7. exd6 cxd6 8. Nc3
O-O 9. Be2 Nc6 10. O-O Bg4 11. b3 d5 12. c5 Nc8 13. Rc1 e6 14. Qd2 N8e7 15. h3
Bxf3 16. Bxf3 Nf5 17. Ne2 Nh4 18. Kh1 Nxf3 19. gxf3 Qh4 20. Kg2 h6 21. Rh1 Kh7
22. Rcg1 f5 23. f4 Rg8 24. Kf1 Bf6 25. f3 Qh5 26. Ke1 Bh4+ 27. Bf2 Bxf2+ 28.
Kxf2 Qh4+ 29. Kf1 Rg7 30. Qe3 Qf6 31. a3 a5 32. h4 Rb8 33. Ke1 b6 34. cxb6 Rxb6
35. Kd2 Rgb7 36. Rb1 h5 37. Qc3 Qe7 38. a4 Rc7 39. Rbc1 Rbb7 40. Qc5 Qxc5 41.
Rxc5 Rxb3 42. Rhc1 Rb6 43. Rxa5 Rb2+ 44. Ke1 { } 44... Rxe2+ 45. Kxe2 Nxd4+ 46.
Kd1 Rxc1+ 47. Kxc1 Nb3+ 48. Kc2 Nxa5 49. Kc3 Kg7 50. Kd4 Kf6 51. Kc5 Nc4 52.
Kb4 e5 53. a5 Nxa5 54. Kxa5 exf4 55. Kb4 g5 0-1

[Event "Senioren Europa Meister"]
[Site "Saint-Vincent"]
[Date "2001.09.15"]
[Round "1"]
[White "Rahls, P."]
[Black "Cane, L."]
[Result "1-0"]
[WhiteElo "2320"]
[BlackElo "1746"]
[PlyCount "69"]

1. e4 g6 2. d4 Bg7 3. Nc3 c6 4. Be3 d5 5. e5 e6 6. Qd2 Ne7 7. Nf3 Nf5 8. Bg5 f6
9. exf6 Bxf6 10. Bxf6 Qxf6 11. O-O-O Nd7 12. h4 h5 13. Bd3 Nf8 14. Ne2 Bd7 15.
Qa5 Qd8 16. Qa3 Qe7 17. Qa5 Qd8 18. Qd2 Qe7 19. Bxf5 gxf5 20. Nf4 O-O-O 21.
Rde1 Re8 22. g3 Qf6 23. Ne5 Re7 24. Qa5 Kb8 25. Re3 b6 26. Qb4 Be8 27. Rhe1 Rc7
28. a4 c5 29. dxc5 Rxc5 30. Ned3 Rc4 31. Qd6+ Kb7 32. Nxe6 Rc6 33. Nd8+ Kc8 34.
Qxf6 Rxf6 35. Rxe8 1-0

[Event "Senioren Europa Meister"]
[Site "Saint-Vincent"]
[Date "2001.09.15"]
[Round "1"]
[White "Andre, D."]
[Black "De Santis, A."]
[Result "1-0"]
[WhiteElo "2029"]
[BlackElo "2353"]
[PlyCount "63"]

1. e4 d6 2. d4 Nf6 3. Nc3 c6 4. Bg5 Nbd7 5. Qd2 b5 6. Bd3 Bb7 7. f4 e5 8. Nf3
exd4 9. Nxd4 b4 10. Nce2 Qb6 11. O-O-O h6 12. Bxf6 gxf6 13. Nf5 Nc5 14. Neg3 h5
15. Bc4 O-O-O 16. Qd4 h4 17. Qxf6 hxg3 18. Qxh8 d5 19. exd5 cxd5 20. Bxd5 Bxd5
21. Rxd5 Rxd5 22. Ne7+ Kb7 23. Nxd5 Qc6 24. Rd1 b3 25. axb3 gxh2 26. Qxh2 Nxb3+
27. Kb1 Na5 28. Qh5 Qe6 29. f5 Qc8 30. Qxf7+ Ka8 31. Nc7+ Kb8 32. Ne6 1-0

[Event "Senioren Europa Meister"]
[Site "Saint-Vincent"]
[Date "2001.09.16"]
[Round "2"]
[White "Murey, J."]
[Black "Entcho, D."]
[Result "1-0"]
[WhiteElo "2480"]
[BlackElo "2275"]
[PlyCount "81"]

1. c4 g6 2. d4 d6 3. Nc3 Bg7 4. e4 Nf6 5. f3 O-O 6. Be3 a6 7. Qd2 b6 8. Bd3 c5
9. d5 Nbd7 10. Bg5 Kh8 11. f4 Ng8 12. Nf3 f6 13. Bh4 Qe8 14. O-O Bh6 15. g4 Ne5
16. Nxe5 fxe5 17. g5 Bg7 18. f5 gxf5 19. exf5 Qh5 20. Bg3 Qh3 21. Qg2 Qxg2+ 22.
Kxg2 h6 23. h4 Bd7 24. a4 Rab8 25. Rf2 Rf7 26. Raf1 Rbf8 27. Be4 Rb8 28. Bd3
Rbf8 29. Rf3 Bc8 30. Be1 Bd7 31. b3 Bc8 32. Ne2 Bf6 33. gxf6 Nxf6 34. Bc3 Kh7
35. Rg3 e4 36. Bc2 Nh5 37. Bxe4 Nxg3 38. Nxg3 Kg8 39. Kh2 h5 40. Rg1 e5 41.
dxe6 1-0

[Event "Senioren Europa Meister"]
[Site "Saint-Vincent"]
[Date "2001.09.16"]
[Round "2"]
[White "Vucenovic, D."]
[Black "Klovanis , J."]
[Result "1/2-1/2"]
[WhiteElo "2275"]
[BlackElo "2446"]
[PlyCount "45"]

1. d4 Nf6 2. g3 d5 3. Bg2 c6 4. Nf3 Bf5 5. O-O Nbd7 6. Nbd2 e6 7. b3 Bd6 8. Bb2
O-O 9. c4 Rc8 10. Ne5 Bxe5 11. dxe5 Ng4 12. cxd5 cxd5 13. e4 dxe4 14. Nxe4
Ndxe5 15. h3 Bxe4 16. Bxe4 Nf6 17. Bxb7 Rc7 18. Qxd8 Rxd8 19. Bxe5 Rxb7 20.
Bxf6 gxf6 21. Rfd1 Rbd7 22. Rxd7 Rxd7 23. Rc1 1/2-1/2

[Event "Senioren Europa Meister"]
[Site "Saint-Vincent"]
[Date "2001.09.16"]
[Round "2"]
[White "Csom, I."]
[Black "Hocevar, N."]
[Result "1-0"]
[WhiteElo "2415"]
[BlackElo "2169"]
[PlyCount "58"]

1. c4 c5 2. Nf3 Nc6 3. g3 g6 4. Bg2 Bg7 5. d3 Nf6 6. Nc3 O-O 7. Bd2 d6 8. Rb1
Rb8 9. Qc1 Re8 10. a3 a5 11. O-O Bd7 12. Bh6 Bh8 13. Bg5 Qc8 14. Re1 Ng4 15.
Qd2 b6 16. h3 Nge5 17. Nxe5 Bxe5 18. Kh2 Bh8 19. Rec1 Be6 20. Qd1 Bd7 21. Bd2
Qd8 22. Qh1 Rc8 23. b3 e6 24. Qd1 Qe7 25. Be1 Rf8 26. e3 f5 27. f4 Rfd8 28. Bf2
Be8 29. d4 29... Bf7 $138 1-0

[Event "Senioren Europa Meister"]
[Site "Saint-Vincent"]
[Date "2001.09.16"]
[Round "2"]
[White "Tatai, S."]
[Black "Laco, G."]
[Result "1-0"]
[WhiteElo "2350"]
[BlackElo "2167"]
[PlyCount "87"]

1. d4 b6 2. c4 Bb7 3. Nc3 f5 4. Qc2 e6 5. a3 Qf6 6. e3 a6 7. Nge2 Ne7 8. Bd2 h5
9. e4 d6 10. h4 Nd7 11. d5 Nc5 12. Bg5 Qf7 13. f3 fxe4 14. fxe4 Bc8 15. Nd4 e5
16. Nf3 Bg4 17. Nh2 Bc8 18. b4 Nd7 19. Bd3 Nf6 20. O-O Neg8 21. Ne2 Nh6 22. Ng3
Nhg4 23. Be2 Be7 24. Nf5 Nxh2 25. Kxh2 Bxf5 26. Rxf5 g6 27. Rxf6 Bxf6 28. Rf1
Bxg5 29. Rxf7 Kxf7 30. hxg5 Ke7 31. c5 Rhc8 32. g3 bxc5 33. bxc5 c6 34. Bf1 Rc7
35. Qc3 a5 36. cxd6+ Kxd6 37. Qf3 cxd5 38. Qf6+ Kc5 39. Qxe5 Rd7 40. Qc3+ Kb6
41. exd5 Rd6 42. Qc4 Rb8 43. Qb5+ Kc7 44. Qc5+ 1-0

[Event "Senioren Europa Meister"]
[Site "Saint-Vincent"]
[Date "2001.09.16"]
[Round "2"]
[White "Perman, T."]
[Black "Kraidman, Y."]
[Result "0-1"]
[WhiteElo "2130"]
[BlackElo "2322"]
[PlyCount "88"]

1. c4 c5 2. Nc3 g6 3. g3 Bg7 4. Bg2 Nc6 5. e3 e5 6. Nge2 Nge7 7. O-O d6 8. b3
O-O 9. Bb2 Be6 10. Nd5 Qd7 11. d4 exd4 12. Nxe7+ Qxe7 13. exd4 Bg4 14. f3 Bd7
15. Qd2 Rfe8 16. Rf2 Qe3 17. Rd1 Bh6 18. f4 Bg4 19. Qxe3 Rxe3 20. Rd2 Rae8 21.
Bxc6 bxc6 22. Kf1 Bg7 23. Ng1 h5 24. dxc5 Bxb2 25. Rxb2 dxc5 26. Rbd2 a5 27.
Kg2 a4 28. Nf3 axb3 29. axb3 Bf5 30. Ne5 Rxb3 31. Rd6 Rc3 32. Ra2 Be6 33. Ra7
Rb8 34. Rd2 h4 35. gxh4 Rb1 36. Nxc6 Bh3+ 37. Kf2 Rf1+ 38. Ke2 Rxf4 39. Rd8+
Kg7 40. Ne7 Bg4+ 41. Kd2 Rh3 42. Rg8+ Kh7 43. Raa8 Rxh2+ 44. Ke3 Rf3+ 0-1

[Event "Senioren Europa Meister"]
[Site "Saint-Vincent"]
[Date "2001.09.16"]
[Round "2"]
[White "Cibulka, V."]
[Black "Etmans, M."]
[Result "1-0"]
[WhiteElo "2321"]
[BlackElo "2142"]
[PlyCount "95"]

1. d4 e6 2. Nf3 b5 3. Bg5 Be7 4. Bxe7 Qxe7 5. Nbd2 Nf6 6. e3 a6 7. Bd3 Bb7 8.
O-O d6 9. c4 c6 10. b4 O-O 11. c5 dxc5 12. dxc5 Nbd7 13. Nb3 Rad8 14. Na5 Ba8
15. Nd4 Ne5 16. Be2 Qc7 17. Qc2 Rd7 18. Rfd1 Rfd8 19. h3 Ng6 20. a3 Ne7 21. g3
e5 22. Nf5 Nxf5 23. Qxf5 Rd2 24. Rxd2 Rxd2 25. Bf3 Nd5 26. Rd1 g6 27. Qg5 Rxd1+
28. Bxd1 Kg7 29. h4 h6 30. Qg4 Bb7 31. Bb3 Bc8 32. Qd1 Be6 33. Qa1 Bg4 34. Kg2
Kg8 35. e4 Ne7 36. f3 Bc8 37. Qd1 Qd7 38. Qxd7 Bxd7 39. f4 exf4 40. gxf4 Kg7
41. Kf3 Be6 42. Bxe6 fxe6 43. Nb7 g5 44. hxg5 hxg5 45. fxg5 e5 46. Kg4 Kg6 47.
Nd8 Kg7 48. Kh5 1-0

[Event "Senioren Europa Meister"]
[Site "Saint-Vincent"]
[Date "2001.09.16"]
[Round "2"]
[White "Omari, F."]
[Black "Rahls, P."]
[Result "1/2-1/2"]
[WhiteElo "2100"]
[BlackElo "2320"]
[PlyCount "114"]

1. d4 c5 2. d5 e5 3. e4 d6 4. Nc3 a6 5. a4 Be7 6. Nge2 Bg5 7. Ng3 Bxc1 8. Qxc1
Nf6 9. Be2 O-O 10. O-O Re8 11. f4 exf4 12. Qxf4 Qe7 13. Nf5 Bxf5 14. Qxf5 Nbd7
15. Rae1 Qe5 16. Qxe5 Rxe5 17. Bd3 Rae8 18. Re2 R5e7 19. b3 Ne5 20. Rb1 Rc8 21.
Bc4 Nfd7 22. a5 Nxc4 23. bxc4 Ne5 24. Na4 Nxc4 25. Nb6 Nxb6 26. Rxb6 Rd8 27.
Kf2 Kf8 28. Kf3 Rdd7 29. c3 Ke8 30. c4 Kd8 31. g4 Kc8 32. Rb1 Re5 33. h4 f6 34.
h5 g6 35. hxg6 hxg6 36. Rh1 Rde7 37. Rh8+ Re8 38. Rxe8+ Rxe8 39. Rh2 g5 40. Rh7
Rd8 41. Rf7 Rh8 42. Rxf6 Rh3+ 43. Kf2 Rc3 44. Rxd6 Rxc4 45. Ke3 Rc3+ 46. Kd2
Rg3 47. Rg6 Rxg4 48. Kd3 c4+ 49. Kxc4 Rxe4+ 50. Kc5 g4 51. Kd6 Kb8 52. Rg8+ Ka7
53. Kc5 Re1 54. Rxg4 Rc1+ 55. Rc4 Rxc4+ 56. Kxc4 b5+ 57. axb6+ Kxb6 1/2-1/2

[Event "Senioren Europa Meister"]
[Site "Saint-Vincent"]
[Date "2001.09.16"]
[Round "2"]
[White "Khanukov, B."]
[Black "Zvorykina, K."]
[Result "1-0"]
[WhiteElo "2313"]
[BlackElo "2109"]
[PlyCount "41"]

1. d4 Nf6 2. c4 g6 3. Nc3 Bg7 4. e4 d6 5. Bg5 h6 6. Bh4 O-O 7. f4 c5 8. d5 Nbd7
9. Nf3 Re8 10. Bd3 e5 11. dxe6 Rxe6 12. O-O Qa5 13. f5 Re8 14. fxg6 fxg6 15. e5
Ng4 16. Bxg6 Rxe5 17. Nxe5 Ndxe5 18. Qd5+ Kh8 19. Qxd6 Nxg6 20. Qxg6 Qc7 21.
Bg3 1-0

[Event "Senioren Europa Meister"]
[Site "Saint-Vincent"]
[Date "2001.09.16"]
[Round "2"]
[White "Gruzmann, B."]
[Black "Dotan, V."]
[Result "1-0"]
[WhiteElo "2308"]
[BlackElo "2031"]
[PlyCount "89"]

1. e4 c5 2. Nf3 d6 3. d4 cxd4 4. Nxd4 Nf6 5. Nc3 a6 6. h3 b5 7. g4 Bb7 8. Bg2
e5 9. Nde2 b4 10. Nd5 Nxd5 11. exd5 Nd7 12. Ng3 Nc5 13. O-O g6 14. Be3 Rc8 15.
Qd2 Bg7 16. Qxb4 Qd7 17. f4 O-O 18. f5 f6 19. a4 Rf7 20. a5 Ba8 21. Qd2 Qb5 22.
b4 Nd7 23. Ne4 Bf8 24. Rad1 Rc4 25. c3 Be7 26. h4 Qb8 27. Qd3 Qc8 28. Rf2 Bb7
29. Bh3 gxf5 30. Rxf5 Rc7 31. g5 Rg7 32. Kh2 fxg5 33. Bxg5 Qd8 34. Nxd6 Bxd6
35. Bxd8 e4+ 36. Kh1 exd3 37. Bxc7 Bxc7 38. Rxd3 Bd6 39. Re3 Be7 40. c4 Nf8 41.
c5 Ng6 42. h5 Nh4 43. Rfe5 Bf6 44. Re8+ Kf7 45. c6 1-0

[Event "Senioren Europa Meister"]
[Site "Saint-Vincent"]
[Date "2001.09.17"]
[Round "3"]
[White "Semasev, K."]
[Black "Tatai, S."]
[Result "1/2-1/2"]
[WhiteElo "2300"]
[BlackElo "2350"]
[PlyCount "61"]

1. e4 c5 2. Nf3 d6 3. d4 Nf6 4. Nc3 cxd4 5. Nxd4 a6 6. Be3 Ng4 7. Bg5 h6 8. Bh4
g5 9. Bg3 Bg7 10. Bc4 Qa5 11. Nde2 Nc6 12. Qd5 Be6 13. Qxa5 Nxa5 14. Bxe6 fxe6
15. O-O-O Rc8 16. h4 Nc4 17. hxg5 hxg5 18. Rxh8+ Bxh8 19. Nd4 Kf7 20. Nce2 Bf6
21. Rh1 Rh8 22. Rxh8 Bxh8 23. b3 Nce5 24. Kd2 Ng6 25. f3 Nh6 26. c4 Bxd4 27.
Nxd4 Nf4 28. Bxf4 gxf4 29. Ne2 e5 30. Nc3 Ke6 31. b4 1/2-1/2

[Event "Senioren Europa Meister"]
[Site "Saint-Vincent"]
[Date "2001.09.17"]
[Round "3"]
[White "Kraidman, Y."]
[Black "Lieb, H."]
[Result "1/2-1/2"]
[WhiteElo "2322"]
[BlackElo "2286"]
[PlyCount "86"]

1. d4 d5 2. Nf3 Nf6 3. c4 c6 4. e3 Bg4 5. Nc3 e6 6. Qb3 Qb6 7. Ne5 Bf5 8. c5
Qc7 9. f4 Nbd7 10. Be2 h5 11. O-O Nxe5 12. fxe5 Ne4 13. Nxe4 Bxe4 14. Bd2 Be7
15. Qd1 Bg6 16. b4 f6 17. exf6 Bxf6 18. Bc3 e5 19. Bd3 Bxd3 20. Qxd3 e4 21. Qe2
a6 22. Rf5 Qf7 23. Raf1 Qg6 24. Be1 h4 25. h3 O-O 26. Kh1 Be7 27. Rxf8+ Rxf8
28. Rxf8+ Kxf8 29. a4 Qf5 30. Kg1 Kf7 31. b5 axb5 32. axb5 Kg6 33. bxc6 bxc6
34. Qa6 Qd7 35. Bf2 Bd8 36. Kf1 Kh5 37. Qa8 g5 38. Qb8 Qc7 39. Qxc7 Bxc7 40.
Ke2 g4 41. Kd2 gxh3 42. gxh3 Kg5 43. Be1 Bd8 1/2-1/2

[Event "Senioren Europa Meister"]
[Site "Saint-Vincent"]
[Date "2001.09.17"]
[Round "3"]
[White "Cibulka, V."]
[Black "Murey, J."]
[Result "0-1"]
[WhiteElo "2321"]
[BlackElo "2480"]
[PlyCount "73"]

1. d4 Nf6 2. Nf3 d6 3. Bf4 g6 4. h3 Bg7 5. e3 O-O 6. Be2 c5 7. c3 Qb6 8. Qb3
Nc6 9. Nbd2 Qxb3 10. axb3 cxd4 11. exd4 e5 12. dxe5 Nd5 13. Bh2 dxe5 14. O-O
Rd8 15. Rfe1 f5 16. Nc4 e4 17. Nfe5 Nxe5 18. Bxe5 Be6 19. Bxg7 Kxg7 20. b4 Nf4
21. Bf1 Rac8 22. Ne3 a6 23. b5 axb5 24. Ra7 Rc7 25. Bxb5 Rd2 26. Rb1 Nd3 27.
Nf1 Rc2 28. Ne3 Re2 29. Rd1 f4 30. Ng4 Bb3 31. Bxd3 exd3 32. Rxd3 h5 33. Rd4
hxg4 34. hxg4 g5 35. Rb4 Re1+ 36. Kh2 Bd5 37. Ra5 0-1

[Event "Senioren Europa Meister"]
[Site "Saint-Vincent"]
[Date "2001.09.17"]
[Round "3"]
[White "Gruzmann, B."]
[Black "Csom, I."]
[Result "0-1"]
[WhiteElo "2308"]
[BlackElo "2415"]
[PlyCount "78"]

1. e4 c6 2. d4 g6 3. Nc3 Bg7 4. Be3 d5 5. f3 Qb6 6. Qd2 Qxb2 7. Rb1 Qa3 8. e5
Qa5 9. Nge2 Nd7 10. h4 Nb6 11. Nf4 h5 12. e6 Bxe6 13. Nxe6 fxe6 14. Bd3 O-O-O
15. Bxg6 e5 16. O-O exd4 17. Bxd4 Nc4 18. Bf5+ Kb8 19. Qf4+ e5 20. Qg3 Bf6 21.
Ne2 Ne7 22. Bd3 Rhg8 23. Qh2 Qc7 24. Bxc4 dxc4 25. Bc3 Nd5 26. Bd2 Qe7 27. Ng3
c3 28. Bc1 Qc5+ 29. Kh1 Qc4 30. Bg5 Bxg5 31. hxg5 Rxg5 32. Ne4 Rf5 33. Qh4 Rg8
34. Rxb7+ Ka8 35. Rfb1 Qe2 36. Qg3 Rff8 37. Rg7 Ne7 38. Nf6 Qxc2 39. Rg1 Nf5
0-1

[Event "Senioren Europa Meister"]
[Site "Saint-Vincent"]
[Date "2001.09.17"]
[Round "3"]
[White "Vaisman, V."]
[Black "Omari, F."]
[Result "1-0"]
[WhiteElo "2398"]
[BlackElo "2100"]
[PlyCount "99"]

1. Nf3 d5 2. c4 d4 3. e3 Nc6 4. exd4 Nxd4 5. Nxd4 Qxd4 6. Nc3 e5 7. d3 c6 8.
Be3 Qd6 9. Qe2 Ne7 10. O-O-O Ng6 11. d4 Be7 12. d5 Qb4 13. g3 O-O 14. d6 Bxd6
15. a3 Qb3 16. Rxd6 Be6 17. Rxe6 fxe6 18. Qc2 Qxc2+ 19. Kxc2 Ne7 20. Bc5 Rfe8
21. Bxe7 Rxe7 22. Bh3 Kf7 23. Re1 Kf6 24. Ne4+ Kg6 25. Rd1 h6 26. Rd6 Kf7 27.
Kd3 b5 28. cxb5 cxb5 29. Nc5 Rc7 30. b4 a5 31. Rb6 axb4 32. axb4 Rd8+ 33. Ke3
Rd1 34. Bxe6+ Ke7 35. Bf5 Ra7 36. Bd3 Re1+ 37. Kf3 Ra3 38. Kg4 Ra2 39. Rxb5
Rxf2 40. Rb7+ Kd8 41. Rd7+ Kc8 42. Ba6+ Kb8 43. Rb7+ Ka8 44. Nd7 Rf6 45. Nxf6
gxf6 46. b5 Rd1 47. Rf7 Rd6 48. Bb7+ Ka7 49. Bc6+ Kb6 50. Kf5 1-0

[Event "Senioren Europa Meister"]
[Site "Saint-Vincent"]
[Date "2001.09.17"]
[Round "3"]
[White "Labarthe, A."]
[Black "Vucenovic, D."]
[Result "0-1"]
[WhiteElo "2000"]
[BlackElo "2275"]
[PlyCount "80"]

1. d4 Nf6 2. c4 g6 3. Nc3 Bg7 4. e4 d6 5. f4 c5 6. d5 O-O 7. Nf3 e6 8. Be2 exd5
9. exd5 Re8 10. O-O Bf5 11. Bd3 Bxd3 12. Qxd3 Nbd7 13. h3 a6 14. a4 Qe7 15. Re1
Qf8 16. Bd2 Rxe1+ 17. Rxe1 Re8 18. f5 Rxe1+ 19. Bxe1 Qe7 20. fxg6 hxg6 21. Bg3
Nh7 22. Ne4 Ne5 23. Nxe5 Bxe5 24. Bxe5 Qxe5 25. b3 f5 26. Nd2 Ng5 27. h4 Qe1+
28. Nf1 Qxh4 29. Qe3 Ne4 30. Qe2 Qf6 31. g3 Qc3 32. g4 Qd4+ 33. Kg2 f4 34. Kh3
Kg7 35. Kg2 Kg8 36. Qe1 Kg7 37. Qe2 Kf6 38. Qe1 Qd3 39. Qh4+ Ng5 40. Qf2 Qh3+
0-1

[Event "Senioren Europa Meister"]
[Site "Saint-Vincent"]
[Date "2001.09.17"]
[Round "3"]
[White "Khanukov, B."]
[Black "Tajmanov, M."]
[Result "1/2-1/2"]
[WhiteElo "2313"]
[BlackElo "2439"]
[PlyCount "120"]

1. d4 Nf6 2. c4 e6 3. Nc3 Bb4 4. Qc2 c5 5. dxc5 O-O 6. a3 Bxc5 7. Nf3 b6 8. e3
Bb7 9. Be2 Nc6 10. O-O Rc8 11. Rd1 Qc7 12. b4 Be7 13. Bb2 Qb8 14. Ne4 Nxe4 15.
Qxe4 f5 16. Qd3 d6 17. Qb3 Nd8 18. Rd2 Kh8 19. Rad1 e5 20. Ne1 Nf7 21. f4 Bf6
22. Bh5 g6 23. Bf3 Rce8 24. Bd5 Bxd5 25. Rxd5 Bg7 26. Nf3 Re7 27. a4 Rc8 28. a5
bxa5 29. Rxa5 Rb7 30. b5 Rbc7 31. Ra4 Qb6 32. Kh1 Re8 33. h3 exf4 34. exf4 Re4
35. Bxg7+ Kxg7 36. Ng5 Nxg5 37. fxg5 Qf2 38. Qc3+ Kg8 39. Qd2 Qxd2 40. Rxd2
Rexc4 41. Rxc4 Rxc4 42. Rxd6 Rc5 43. Rd8+ Kf7 44. Rd7+ Ke6 45. Rxh7 Rxb5 46.
Rg7 f4 47. Rxg6+ Kf5 48. Rg8 a5 49. g6 a4 50. g7 Kg6 51. Ra8 Kxg7 52. Rxa4 Rf5
53. Kg1 Kg6 54. Kf2 Kg5 55. Kf3 Rb5 56. Ra3 Rc5 57. Rd3 Kf5 58. h4 Ra5 59. Rb3
Rc5 60. g4+ fxg3 1/2-1/2

[Event "Senioren Europa Meister"]
[Site "Saint-Vincent"]
[Date "2001.09.17"]
[Round "3"]
[White "Klovanis, J."]
[Black "Orev, P."]
[Result "1-0"]
[WhiteElo "2446"]
[BlackElo "2245"]
[PlyCount "49"]

1. e4 Nc6 2. Nf3 Nf6 3. e5 Nd5 4. d4 d6 5. c4 Nb6 6. exd6 exd6 7. Nc3 Bg4 8.
Be3 d5 9. c5 Nc4 10. Bxc4 dxc4 11. Qa4 Qd7 12. Qxc4 O-O-O 13. O-O-O Qf5 14. d5
Ne5 15. Nxe5 Bxd1 16. Rxd1 Qxe5 17. c6 a6 18. cxb7+ Kxb7 19. Qc6+ Kc8 20. Qxa6+
Kd7 21. Qc6+ Kc8 22. Nb5 Bd6 23. Na7+ Kb8 24. Qb5+ Ka8 25. Nc6 1-0

[Event "Senioren Europa Meister"]
[Site "Saint-Vincent"]
[Date "2001.09.17"]
[Round "3"]
[White "Rahls, P."]
[Black "Giani, F."]
[Result "1-0"]
[WhiteElo "2320"]
[BlackElo "2151"]
[PlyCount "95"]

1. e4 d6 2. d4 g6 3. Nc3 Bg7 4. Be3 c6 5. a4 Nf6 6. f3 O-O 7. Bc4 Nbd7 8. Nge2
Qc7 9. O-O Nb6 10. Bb3 a5 11. Qd2 Bd7 12. Nd1 Rfd8 13. Nf2 c5 14. c3 Be6 15. d5
Bd7 16. c4 e5 17. Bh6 Qc8 18. h3 Rf8 19. Bxg7 Kxg7 20. f4 Qe8 21. Nc3 Nh5 22.
f5 Nf6 23. g4 Kh8 24. Qd3 Qe7 25. Bd1 Rg8 26. Kh1 gxf5 27. exf5 Rae8 28. Nfe4
Rg7 29. Nxf6 Qxf6 30. Ne4 Qh6 31. b3 Nc8 32. Ra2 f6 33. Rh2 Qh4 34. Qg3 Qxg3
35. Nxg3 e4 36. Re1 e3 37. Rhe2 Re5 38. Rxe3 Kg8 39. Rxe5 dxe5 40. Ne4 Rf7 41.
Nxc5 b6 42. Ne4 Kf8 43. Bf3 Ke7 44. Rc1 Nd6 45. c5 bxc5 46. Rxc5 Nb7 47. Rc7
Nd6 48. Ra7 1-0

[Event "Senioren Europa Meister"]
[Site "Saint-Vincent"]
[Date "2001.09.17"]
[Round "3"]
[White "Arkhangelsky, B."]
[Black "Ljuboschitz, A."]
[Result "1/2-1/2"]
[WhiteElo "2416"]
[BlackElo "2200"]
[PlyCount "66"]

1. Nf3 Nf6 2. c4 g6 3. Nc3 Bg7 4. d4 O-O 5. e4 d6 6. Be2 e5 7. O-O Nc6 8. d5
Ne7 9. Nd2 Ne8 10. b4 f5 11. c5 Nf6 12. f3 f4 13. Nc4 g5 14. Bd2 Ng6 15. Be1
Rf7 16. Bf2 Bf8 17. Rc1 Bd7 18. c6 bxc6 19. dxc6 Be6 20. Na5 h5 21. Bc4 Bxc4
22. Nxc4 g4 23. Nd5 g3 24. hxg3 fxg3 25. Bxg3 h4 26. Bh2 Nh5 27. Nce3 Bh6 28.
Nf5 Bxc1 29. Qxc1 Rh7 30. b5 Kh8 31. a4 h3 32. g4 Ng7 33. Kh1 Ne6 1/2-1/2